Entry Personal Name
Number of records used in: 2
001 - CONTROL NUMBER
003 - CONTROL NUMBER IDENTIFIER
005 - DATE AND TIME OF LATEST TRANSACTION
- control field:
20201028101545.0
008 - FIXED-LENGTH DATA ELEMENTS
- fixed length control field:
800815n| adannaabn |n aaa
010 ## - LIBRARY OF CONGRESS CONTROL NUMBER
- LC control number:
n 50050151
035 ## - SYSTEM CONTROL NUMBER
- System control number:
(OCoLC)oca00085173
040 ## - CATALOGING SOURCE
- Original cataloging agency:
DLC
- Language of cataloging:
eng
- Transcribing agency:
DLC
- Modifying agency:
OCoLC
- Modifying agency:
DLC
100 1# - HEADING--PERSONAL NAME
- Personal name:
Light, Horace Robert
670 ## - SOURCE DATA FOUND
- Source citation:
His The legal aspect of business, 1948.
678 ## - BIOGRAPHICAL OR HISTORICAL DATA
- Biographical or historical data:
B.Sc. (Loud.)